[Event "ROM-ch U08"]
[Site "Calimanesti Caciulata"]
[Date "2016.04.20"]
[Round "3"]
[White "Jiglau, Lukas"]
[Black "Males, Nicholas"]
[Result "1-0"]
[WhiteElo "1185"]
[BlackElo "1134"]
[PlyCount "99"]
[EventDate "2016.04.18"]
[EventType "swiss"]
[EventRounds "9"]
[EventCountry "ROU"]
[SourceTitle "CBM 172 Extra"]
[Source "ChessBase"]
[SourceDate "2016.06.21"]
[SourceVersion "1"]
[SourceVersionDate "2016.06.21"]
[SourceQuality "1"]

1. e4 c6 2. d4 d5 3. e5 Bf5 4. g4 Be4 5. f3 Bg6 6. h4 h6 7. h5 Bh7 8. Bd3 Bxd3 9. Qxd3 e6 10. Nc3 Ne7 11. Be3 Nc8 12. Nge2 Nd7 13. 0-0-0 c5 14. dxc5 Nxe5 15. Qb5+ Qd7 16. Qxd7+ Nxd7 17. b4 Ne5 18. Rdf1 Nc6 19. a3 a5 20. Nb5 Kd7 21. c3 N6a7 22. Nxa7 Nxa7 23. bxa5 Nc6 24. Nd4 Nxd4 25. cxd4 Rxa5 26. Kb2 Be7 27. Ra1 Kc6 28. Rhb1 Rb8 29. Kc3 b6 30. Rxb6+ Rxb6 31. cxb6 Rxa3+ 32. Rxa3 Bxa3 33. Bf4 Kxb6 34. g5 hxg5 35. Bxg5 Bd6 36. Bd8+ Kc6 37. Ba5 e5 38. dxe5 Bxe5+ 39. Kd3 Kc5 40. Bd2 Bd4 41. Bb4+ Kxb4 42. Kxd4 Kb3 43. Kxd5 Kc3 44. Kd6 Kd3 45. Ke7 Ke3 46. Kxf7 Kxf3 47. Kxg7 Kg4 48. h6 Kg5 49. h7 Kg4 50. h8Q 1-0

[Event "ROM-ch U08"]
[Site "Calimanesti Caciulata"]
[Date "2016.04.19"]
[Round "2"]
[White "Santimbrean, Mihnea Nicolae"]
[Black "Jiglau, Lukas"]
[Result "0-1"]
[WhiteElo "1001"]
[BlackElo "1185"]
[PlyCount "86"]
[EventDate "2016.04.18"]
[EventType "swiss"]
[EventRounds "9"]
[EventCountry "ROU"]
[SourceTitle "CBM 172 Extra"]
[Source "ChessBase"]
[SourceDate "2016.06.21"]
[SourceVersion "1"]
[SourceVersionDate "2016.06.21"]
[SourceQuality "1"]

1. e4 e6 2. Nf3 d5 3. exd5 exd5 4. Nc3 Nf6 5. d4 Bb4 6. Bg5 h6 7. Bxf6 Qxf6 8. Bd3 Bxc3+ 9. bxc3 Be6 10. 0-0 0-0 11. Qd2 Nc6 12. h3 Rfe8 13. Rfe1 Bf5 14. Rxe8+ Rxe8 15. Bxf5 Qxf5 16. Rf1 Re4 17. Re1 Rxe1+ 18. Nxe1 Na5 19. Qe3 Nc4 20. Qe8+ Kh7 21. Qe2 Qe4 22. Qd1 Nb2 23. Qc1 b6 24. Nf3 Nc4 25. Qd1 Na3 26. Qd3 Nxc2 27. Qxe4+ dxe4 28. Ne5 f6 29. Ng4 Kg6 30. Kf1 h5 31. Nh2 e3 32. fxe3 Nxe3+ 33. Ke2 Nxg2 34. Kd3 Kf5 35. Ke2 Nf4+ 36. Kf3 Nxh3 37. Ke3 g5 38. Kf3 g4+ 39. Kg3 Kg5 40. c4 f5 41. Nf1 f4+ 42. Kg2 Kh4 43. Nh2 f3+ 0-1

[Event "ROM-ch U08"]
[Site "Calimanesti"]
[Date "2015.04.05"]
[Round "8"]
[White "Jiglau, Lukas"]
[Black "Magold, Filip"]
[Result "1-0"]
[WhiteElo "1097"]
[BlackElo "1030"]
[PlyCount "118"]
[EventDate "2015.03.30"]
[EventType "swiss"]
[EventRounds "9"]
[EventCountry "ROU"]
[SourceTitle "CBM 165 Extra"]
[Source "ChessBase"]
[SourceDate "2015.04.21"]
[SourceVersion "1"]
[SourceVersionDate "2015.04.21"]
[SourceQuality "1"]

1. e4 c5 2. Nf3 d6 3. d4 cxd4 4. Nxd4 Nf6 5. Nc3 Nc6 6. Nxc6 bxc6 7. Be3 e6 8. Bd3 Be7 9. 0-0 0-0 10. Qd2 Bb7 11. Qe2 c5 12. h3 h6 13. Rfd1 Qc7 14. b3 Rfd8 15. Bf4 e5 16. Be3 Rd7 17. Bc4 Bf8 18. Nd5 Bxd5 19. Bxd5 Nxd5 20. Rxd5 Be7 21. Qd2 Rad8 22. Rd1 c4 23. bxc4 Qxc4 24. c3 Qxe4 25. Qd3 Qxd3 26. R1xd3 Rc8 27. f3 Bh4 28. Bf2 Bf6 29. Ra5 Rb8 30. Bxa7 Ra8 31. Bb6 Rxa5 32. Bxa5 Rb7 33. Bb4 Re7 34. Rxd6 Rb7 35. Kf2 Be7 36. Rd5 Bxb4 37. cxb4 Rxb4 38. Rxe5 f6 39. Re2 Ra4 40. g4 Kf7 41. Kg3 g5 42. Kg2 Ra3 43. Kg3 Kf8 44. Rf2 Ke7 45. Kg2 Kf7 46. Kg3 Ke7 47. Kg2 Kf7 48. Kg3 Ke7 49. h4 Kf7 50. Re2 Kg6 51. h5+ Kf7 52. Kf2 Kf8 53. Re3 Rxa2+ 54. Re2 Rxe2+ 55. Kxe2 Ke7 56. Ke3 Ke6 57. Ke4 Ke7 58. Kf5 Kf7 59. f4 gxf4 1-0